<?xml version="1.0" encoding="UTF-8"?>
<record
    xmlns:xsi="http://www.w3.org/2001/XMLSchema-instance"
    xsi:schemaLocation="http://www.loc.gov/MARC21/slim http://www.loc.gov/standards/marcxml/schema/MARC21slim.xsd"
    xmlns="http://www.loc.gov/MARC21/slim">

  <leader>01409nam a2200277Ia 4500</leader>
  <controlfield tag="003">OSt</controlfield>
  <controlfield tag="005">20200909191128.0</controlfield>
  <controlfield tag="008">191128s2014    ck aod gr     000 0 spa d</controlfield>
  <datafield tag="020" ind1=" " ind2=" ">
    <subfield code="a">9789585816756</subfield>
  </datafield>
  <datafield tag="040" ind1=" " ind2=" ">
    <subfield code="a">CO-JMCR</subfield>
    <subfield code="c">CO-JMCR</subfield>
  </datafield>
  <datafield tag="041" ind1="0" ind2=" ">
    <subfield code="a">spa</subfield>
  </datafield>
  <datafield tag="082" ind1="0" ind2="4">
    <subfield code="a">364.15 /</subfield>
    <subfield code="b">C397n</subfield>
    <subfield code="2">23</subfield>
  </datafield>
  <datafield tag="110" ind1="2" ind2=" ">
    <subfield code="a">Centro Nacional de Memoria Hist&#xF3;rica</subfield>
    <subfield code="9">10077</subfield>
  </datafield>
  <datafield tag="245" ind1="1" ind2="0">
    <subfield code="a">Normas y dimensiones de la desaparici&#xF3;n forzada en Colombia / </subfield>
    <subfield code="c">Centro de Memoria Hist&#xF3;rica</subfield>
  </datafield>
  <datafield tag="250" ind1=" " ind2=" ">
    <subfield code="a">Primera edici&#xF3;n</subfield>
  </datafield>
  <datafield tag="260" ind1=" " ind2=" ">
    <subfield code="a">Bogot&#xE1; : </subfield>
    <subfield code="b">Centro Nacional de Memoria Hist&#xF3;rica, </subfield>
    <subfield code="c">2014</subfield>
  </datafield>
  <datafield tag="300" ind1=" " ind2=" ">
    <subfield code="a">292 p&#xE1;ginas : </subfield>
    <subfield code="b">ilustraciones, fotograf&#xED;as y gr&#xE1;ficas ; </subfield>
    <subfield code="c">23 cm.</subfield>
  </datafield>
  <datafield tag="490" ind1="0" ind2=" ">
    <subfield code="a">Desaparici&#xF3;n forzada</subfield>
  </datafield>
  <datafield tag="504" ind1=" " ind2=" ">
    <subfield code="a">Bibliograf&#xED;a: p&#xE1;ginas 289-292</subfield>
  </datafield>
  <datafield tag="505" ind1="0" ind2=" ">
    <subfield code="a">Evoluci&#xF3;n de la normatividad internacional y colombiana sobre la desaparici&#xF3;n forzada -- Balance de fuentes oficiales y no oficiales sobre desaparici&#xF3;n forzada y an&#xE1;lisis cuantitativos a partir de los datos disponibles</subfield>
  </datafield>
  <datafield tag="520" ind1="3" ind2=" ">
    <subfield code="a">El nombre de Omaira Montoya Henao entr&#xF3; a la historia de las violaciones a los derechos humanos en Colombina por ser la primera persona que ha sido reconocida como una desaparici&#xF3;n forzada por parte de agentes del Estado.</subfield>
  </datafield>
  <datafield tag="650" ind1="1" ind2="4">
    <subfield code="a">Personas desaparecidas</subfield>
    <subfield code="z">Colombia</subfield>
    <subfield code="9">10078</subfield>
  </datafield>
  <datafield tag="650" ind1="1" ind2="4">
    <subfield code="a">Desplazamiento forzado </subfield>
    <subfield code="z">Colombia</subfield>
    <subfield code="9">8042</subfield>
  </datafield>
  <datafield tag="650" ind1="1" ind2="4">
    <subfield code="a">Estad&#xED;sticas  </subfield>
    <subfield code="x">v&#xED;ctimas de la violencia</subfield>
    <subfield code="z">Colombia</subfield>
    <subfield code="9">10079</subfield>
  </datafield>
  <datafield tag="942" ind1=" " ind2=" ">
    <subfield code="2">ddc</subfield>
    <subfield code="c">BK</subfield>
  </datafield>
  <datafield tag="999" ind1=" " ind2=" ">
    <subfield code="c">4022</subfield>
    <subfield code="d">4022</subfield>
  </datafield>
  <datafield tag="952" ind1=" " ind2=" ">
    <subfield code="0">0</subfield>
    <subfield code="1">0</subfield>
    <subfield code="2">ddc</subfield>
    <subfield code="4">0</subfield>
    <subfield code="7">0</subfield>
    <subfield code="8">NFIC</subfield>
    <subfield code="a">CPL</subfield>
    <subfield code="b">CPL</subfield>
    <subfield code="d">2018-04-12</subfield>
    <subfield code="e">Donaci&#xF3;n</subfield>
    <subfield code="o">364.15 / C397n </subfield>
    <subfield code="p">201808816</subfield>
    <subfield code="r">2024-05-16 00:00:00</subfield>
    <subfield code="t">V.1 / Ej.1</subfield>
    <subfield code="y">BK</subfield>
  </datafield>
</record>
